000
00346nam a2200145 a 4500
005
20140414131856.0
008
100828s19uu xx 00 eng d
050
_a
FIL
_b
H52 2005
100
_a
Pacis, Carla
245
_a
Hipon and biya.
260
_a
Manila, Philippines :
_b
Adarna,
_c
2005.
440
_a
999
_c
110479
_d
110479